[Event "Madrid ch veteranos 2008-2009"]
[Site "Madrid ESP"]
[Date "2009.02.18"]
[Round "8.10"]
[White "Fernandez Martinez, Jose"]
[Black "Corredor Gonzalez, Angel L"]
[Result "1-0"]
[WhiteElo "1775"]
[BlackElo "1800"]
[PlyCount "75"]
[EventDate "2009.02.09"]
[EventType "swiss"]
[EventRounds "9"]
[EventCountry "ESP"]
[Source "lmi"]
[SourceDate "2009.02.09"]

1. d4 d5 2. c4 c6 3. Nf3 Nf6 4. Nc3 e6 5. e3 Nbd7 6. Bd3 dxc4 7. Bxc4 b5 8. Bd3
Bb7 9. O-O Be7 10. b3 O-O 11. Bb2 b4 12. Na4 Nd5 13. Rc1 Bd6 14. Qe2 a5 15. Rc2
f6 16. Rfc1 Qe7 17. Bc4 Kh8 18. Bd3 e5 19. dxe5 fxe5 20. Nd2 N5f6 21. Ne4 Nxe4
22. Bxe4 Nb8 23. Qh5 g6 24. Bxg6 c5 25. e4 Rg8 26. Bf5 Rg5 27. Qh6 Nd7 28. Bxd7
Bxe4 29. Bh3 Rag8 30. g3 R8g6 31. Qh4 Bxc2 32. Rxc2 Kg8 33. Bg2 Qf6 34. Qc4+
Kf8 35. Nxc5 Qe7 36. Ne4 Rg4 37. Qc8+ Kf7 38. Nxd6+ 1-0

[Event "Madrid ch veteranos 2008-2009"]
[Site "Madrid ESP"]
[Date "2009.02.18"]
[Round "8.11"]
[White "Pascual Perdiguero, Jose Maria"]
[Black "Alvarez Escudero, Manuel"]
[Result "1-0"]
[WhiteElo "1873"]
[BlackElo "1935"]
[PlyCount "57"]
[EventDate "2009.02.09"]
[EventType "swiss"]
[EventRounds "9"]
[EventCountry "ESP"]
[Source "lmi"]
[SourceDate "2009.02.09"]

1. c4 e5 2. Nc3 d6 3. g3 Bd7 4. Bg2 Bc6 5. e4 f5 6. d3 Nf6 7. Nge2 Be7 8. b4
fxe4 9. dxe4 O-O 10. b5 Bd7 11. O-O a6 12. a4 axb5 13. cxb5 Be6 14. f4 exf4 15.
Nxf4 Bg4 16. Qb3+ Kh8 17. h3 Bd7 18. Bb2 c6 19. Rad1 Qb6+ 20. Kh2 cxb5 21. Nfd5
Qd8 22. axb5 Be6 23. Qb4 Nxd5 24. Nxd5 Bxd5 25. exd5 Nd7 26. Rde1 Nc5 27. Qd2
h6 28. Qxh6+ Kg8 29. Qxg7# 1-0

[Event "Madrid ch veteranos 2008-2009"]
[Site "Madrid ESP"]
[Date "2009.02.18"]
[Round "8.12"]
[White "Leniz Martinez, Francisco"]
[Black "Garcia Lopez, Pedro"]
[Result "1-0"]
[WhiteElo "1847"]
[BlackElo "1854"]
[PlyCount "99"]
[EventDate "2009.02.09"]
[EventType "swiss"]
[EventRounds "9"]
[EventCountry "ESP"]
[Source "lmi"]
[SourceDate "2009.02.09"]

1. Nf3 c5 2. c4 Nc6 3. Nc3 g6 4. g3 Bg7 5. Bg2 d6 6. O-O Nf6 7. d4 cxd4 8. Nxd4
Nxd4 9. Qxd4 O-O 10. Qd1 a6 11. h3 Qc7 12. Qb3 Rb8 13. Nd5 Nxd5 14. cxd5 b5 15.
Bd2 Bd7 16. Rac1 Qb6 17. Bc3 f6 18. a3 a5 19. Qd1 Rfc8 20. Qd2 b4 21. axb4 axb4
22. Bd4 Qb5 23. Rfe1 Rxc1 24. Rxc1 Rc8 25. Rxc8+ Bxc8 26. Qc1 Ba6 27. e3 Bb7
28. e4 Qa5 29. Bf1 h5 30. Qc4 Kh7 31. Qb5 Qxb5 32. Bxb5 Bc8 33. Kg2 e5 34. Bb6
Bh6 35. b3 f5 36. f3 fxe4 37. fxe4 Kg8 38. Ba5 Be3 39. Bxb4 Bc5 40. Bxc5 dxc5
41. d6 Kf7 42. d7 Bxd7 43. Bxd7 Ke7 44. Bc6 Kf6 45. Kf3 g5 46. g4 h4 47. Ke3
Ke6 48. Kd3 Kd6 49. Ba8 Kc7 50. Kc4 1-0

[Event "Madrid ch veteranos 2008-2009"]
[Site "Madrid ESP"]
[Date "2009.02.18"]
[Round "8.14"]
[White "Ramos Orea, Tomas"]
[Black "Gonzalez Cespedes, Manuel"]
[Result "1-0"]
[WhiteElo "1786"]
[BlackElo "1836"]
[PlyCount "57"]
[EventDate "2009.02.09"]
[EventType "swiss"]
[EventRounds "9"]
[EventCountry "ESP"]
[Source "lmi"]
[SourceDate "2009.02.09"]

1. e4 e5 2. Nc3 Nc6 3. g3 Nf6 4. Bg2 d6 5. Nge2 Be7 6. O-O Be6 7. d3 Qd7 8. f4
Bh3 9. f5 Bxg2 10. Kxg2 h5 11. Ng1 O-O-O 12. a4 d5 13. exd5 Nxd5 14. Ne4 f6 15.
Qe1 Nd4 16. Qf2 g5 17. c3 Nc6 18. b4 b6 19. a5 h4 20. axb6 axb6 21. g4 Nf4+ 22.
Bxf4 exf4 23. d4 Qd5 24. Qf3 Kb7 25. Qd3 Kb8 26. Nf3 Qb3 27. Nfd2 Qd5 28. h3
Rde8 29. Qa6 1-0

[Event "Madrid ch veteranos 2008-2009"]
[Site "Madrid ESP"]
[Date "2009.02.18"]
[Round "8.15"]
[White "Vicario Ramirez, Celestino"]
[Black "Alfageme Sanchez, Jesus"]
[Result "1-0"]
[WhiteElo "1607"]
[BlackElo "1876"]
[PlyCount "77"]
[EventDate "2009.02.09"]
[EventType "swiss"]
[EventRounds "9"]
[EventCountry "ESP"]
[Source "lmi"]
[SourceDate "2009.02.09"]

1. e4 Nc6 2. Nf3 e5 3. Bb5 g6 4. O-O Bg7 5. Re1 Nge7 6. c3 O-O 7. d4 a6 8. Ba4
d6 9. h3 exd4 10. cxd4 Bd7 11. Nc3 Kh8 12. Be3 f5 13. Bc2 fxe4 14. Bxe4 Qc8 15.
Nh2 Nf5 16. Bxf5 Bxf5 17. Qd2 Rf7 18. Rac1 Qf8 19. b3 Re8 20. Bg5 Rxe1+ 21.
Rxe1 Nxd4 22. Nd5 Ne6 23. Nf3 c6 24. g4 Bxg4 25. hxg4 Rxf3 26. Rxe6 cxd5 27.
Qe2 Qg8 28. Be7 Rf7 29. Bxd6 h6 30. Re8 Bf8 31. Qe5+ Kh7 32. Qxd5 Qg7 33. Bxf8
Qf6 34. Bc5 Qf4 35. Re4 Qc7 36. Bd4 h5 37. Re8 Kh6 38. g5+ Kh7 39. Rh8# 1-0

[Event "Madrid ch veteranos 2008-2009"]
[Site "Madrid ESP"]
[Date "2009.02.18"]
[Round "8.17"]
[White "Hernandez Del Can, Jose"]
[Black "Arias de Reina Martinez, Francisco"]
[Result "1-0"]
[WhiteElo "1848"]
[BlackElo "1615"]
[PlyCount "27"]
[EventDate "2009.02.09"]
[EventType "swiss"]
[EventRounds "9"]
[EventCountry "ESP"]
[Source "lmi"]
[SourceDate "2009.02.09"]

1. c4 c5 2. Nf3 Nc6 3. g3 g6 4. Nc3 Bg7 5. Bg2 e5 6. e3 Nge7 7. O-O d6 8. d3
O-O 9. a3 a5 10. Rb1 Be6 11. b3 e4 12. Nxe4 d5 13. Nxc5 Bf5 14. Nh4 1-0

[Event "Madrid ch veteranos 2008-2009"]
[Site "Madrid ESP"]
[Date "2009.02.18"]
[Round "8.18"]
[White "Rodriguez Lopez-Cañizares, Francisco"]
[Black "Martinez Miura, Enrique"]
[Result "0-1"]
[WhiteElo "1693"]
[BlackElo "1735"]
[PlyCount "62"]
[EventDate "2009.02.09"]
[EventType "swiss"]
[EventRounds "9"]
[EventCountry "ESP"]
[Source "lmi"]
[SourceDate "2009.02.09"]

1. e4 e6 2. d4 d5 3. e5 c5 4. c3 cxd4 5. cxd4 Bb4+ 6. Nc3 Ne7 7. Qa4+ Nbc6 8.
a3 Bxc3+ 9. bxc3 Bd7 10. Qc2 Rc8 11. Nf3 Nf5 12. Qb2 h6 13. Bd2 O-O 14. Bd3 Qc7
15. g4 Nfe7 16. Qc1 Na5 17. O-O Nb3 18. Qb2 Nxa1 19. Qxa1 f5 20. Qc1 fxg4 21.
Bxh6 gxf3 22. Qg5 Rf7 23. Qg3 Nf5 24. Bxf5 exf5 25. Bd2 Be6 26. Qxf3 Qe7 27.
Qg3 Qxa3 28. h4 Qb2 29. Qd3 f4 30. Kh2 Bf5 31. Qe2 Rxc3 0-1

[Event "Madrid ch veteranos 2008-2009"]
[Site "Madrid ESP"]
[Date "2009.02.19"]
[Round "9.2"]
[White "Garcia Gutierrez, Jose"]
[Black "Campos Calvo-Sotelo, Juan"]
[Result "1-0"]
[WhiteElo "2060"]
[BlackElo "2057"]
[PlyCount "105"]
[EventDate "2009.02.09"]
[EventType "swiss"]
[EventRounds "9"]
[EventCountry "ESP"]
[Source "lmi"]
[SourceDate "2009.02.09"]

1. e4 e6 2. d4 a6 3. a4 b5 4. axb5 Bb7 5. Nd2 axb5 6. Rxa8 Bxa8 7. Bxb5 f5 8.
Bd3 Nf6 9. Qe2 Nc6 10. c3 fxe4 11. Nxe4 Be7 12. Nf3 O-O 13. O-O Qe8 14. Qc2 Nd5
15. Neg5 g6 16. h4 Nf4 17. Bxf4 Rxf4 18. g3 Rf8 19. Nh2 Bxg5 20. hxg5 Ne7 21.
Ng4 Nd5 22. f4 Qe7 23. Qh2 Qg7 24. Rf2 Bb7 25. Nh6+ Kh8 26. Ng4 Ra8 27. Rf1 Kg8
28. Qe2 Qe7 29. Qe5 Qg7 30. Qe2 Ra2 31. Qd2 Qf8 32. Nh6+ Kg7 33. g4 Qd6 34. Kh2
Qb6 35. Rf2 Ra1 36. Bf1 Qd6 37. Kh3 c5 38. f5 gxf5 39. gxf5 e5 40. Qc2 Kf8 41.
Ng4 Nf4+ 42. Kh4 Qc6 43. dxe5 Qh1+ 44. Nh2 Be4 45. Qd2 Nd5 46. c4 Nb6 47. Qd6+
Kg8 48. Qb8+ Kf7 49. e6+ dxe6 50. fxe6+ Kxe6 51. Qxb6+ Bc6 52. Rf6+ Ke7 53.
Qc7+ 1-0

[Event "Madrid ch veteranos 2008-2009"]
[Site "Madrid ESP"]
[Date "2009.02.19"]
[Round "9.3"]
[White "Fuentes Arjona, Antonio"]
[Black "Rodriguez Perez, Rene"]
[Result "1-0"]
[WhiteElo "2043"]
[BlackElo "2067"]
[PlyCount "43"]
[EventDate "2009.02.09"]
[EventType "swiss"]
[EventRounds "9"]
[EventCountry "ESP"]
[Source "lmi"]
[SourceDate "2009.02.09"]

1. Nf3 d5 2. d4 c6 3. g3 e6 4. Bg2 f5 5. b3 Nf6 6. O-O Be7 7. c4 O-O 8. e3 Ne4
9. Ne5 Nd7 10. f3 Nef6 11. Nd3 b5 12. c5 Qe8 13. a4 Ba6 14. Nb4 Qc8 15. Qe2 e5
16. Nxa6 Qxa6 17. Bb2 e4 18. Nc3 exf3 19. Bxf3 Ne4 20. axb5 Qb7 21. bxc6 Qxc6
22. Ra6 1-0

[Event "Madrid ch veteranos 2008-2009"]
[Site "Madrid ESP"]
[Date "2009.02.19"]
[Round "9.4"]
[White "Lopez Heras, Arturo"]
[Black "Estrada Martinez, Cesar"]
[Result "0-1"]
[WhiteElo "1943"]
[BlackElo "2238"]
[PlyCount "39"]
[EventDate "2009.02.09"]
[EventType "swiss"]
[EventRounds "9"]
[EventCountry "ESP"]
[Source "lmi"]
[SourceDate "2009.02.09"]

1. e4 c5 2. Nf3 g6 3. d4 cxd4 4. Nxd4 Nf6 5. Nc3 Nc6 6. Be3 Bg7 7. Bc4 O-O 8.
f3 Qb6 9. Bb3 Nxe4 10. Nd5 Qa5+ 11. c3 Nc5 12. Nxc6 dxc6 13. Nxe7+ Kh8 14. Bd4
Nxb3 15. axb3 Qg5 16. Bxg7+ Kxg7 17. Qd4+ Qf6 18. Qxf6+ Kxf6 19. Nxc8 Rfxc8 20.
Kf2 0-1

[Event "Madrid ch veteranos 2008-2009"]
[Site "Madrid ESP"]
[Date "2009.02.19"]
[Round "9.5"]
[White "Perez Cameselle, Francisco"]
[Black "Lastras Hernandez, Tomas"]
[Result "1-0"]
[WhiteElo "1996"]
[BlackElo "1936"]
[PlyCount "71"]
[EventDate "2009.02.09"]
[EventType "swiss"]
[EventRounds "9"]
[EventCountry "ESP"]
[Source "lmi"]
[SourceDate "2009.02.09"]

1. Nf3 Nf6 2. g3 Nc6 3. d3 d5 4. Nbd2 e5 5. e4 d4 6. Bg2 Bd6 7. O-O O-O 8. c3
Bg4 9. h3 Be6 10. cxd4 exd4 11. Ng5 h6 12. Nxe6 fxe6 13. f4 Bc5 14. Nf3 Qd7 15.
a3 a6 16. Bd2 Ba7 17. Nh4 Kh7 18. Kh1 e5 19. f5 Ne7 20. Bf3 Kg8 21. Bh5 g5 22.
Ng6 Nxg6 23. Bxg6 Kg7 24. Kg2 c5 25. Qc1 Rab8 26. a4 b5 27. axb5 axb5 28. Bxg5
hxg5 29. Qxg5 Qe7 30. Ra6 Ra8 31. Bf7+ Kh8 32. Rxf6 Qxf7 33. Rh6+ Qh7 34. Rxh7+
Kxh7 35. Qg6+ Kh8 36. f6 1-0

[Event "Madrid ch veteranos 2008-2009"]
[Site "Madrid ESP"]
[Date "2009.02.19"]
[Round "9.6"]
[White "Gabriel y Galan Acevedo, Jesus"]
[Black "Fernandez Martinez, Jose"]
[Result "1/2-1/2"]
[WhiteElo "1994"]
[BlackElo "1775"]
[PlyCount "47"]
[EventDate "2009.02.09"]
[EventType "swiss"]
[EventRounds "9"]
[EventCountry "ESP"]
[Source "lmi"]
[SourceDate "2009.02.09"]

1. e4 e5 2. Nf3 Nc6 3. Bb5 a6 4. Bxc6 dxc6 5. O-O f6 6. d4 exd4 7. Nxd4 c5 8.
Nb3 Qxd1 9. Rxd1 Be6 10. Be3 b6 11. Nc3 Bd6 12. a4 Ne7 13. f4 Nc6 14. Nd5 O-O
15. c4 Rad8 16. a5 Bxd5 17. Rxd5 Nb4 18. Rd2 Be7 19. Rad1 Rxd2 20. Rxd2 Rd8 21.
Rxd8+ Bxd8 22. Bd2 Nd3 23. Bc3 Nxf4 24. Kf2 1/2-1/2

[Event "Madrid ch veteranos 2008-2009"]
[Site "Madrid ESP"]
[Date "2009.02.19"]
[Round "9.7"]
[White "Pascual Perdiguero, Jose Maria"]
[Black "Ortega Morales, Pedro"]
[Result "1-0"]
[WhiteElo "1873"]
[BlackElo "1892"]
[PlyCount "63"]
[EventDate "2009.02.09"]
[EventType "swiss"]
[EventRounds "9"]
[EventCountry "ESP"]
[Source "lmi"]
[SourceDate "2009.02.09"]

1. c4 e5 2. Nc3 Nf6 3. g3 Nc6 4. Bg2 Bc5 5. e3 d6 6. Nge2 a5 7. a3 Bd7 8. O-O
Qc8 9. b3 Bh3 10. Nd5 Nxd5 11. cxd5 Ne7 12. Nc3 Bxg2 13. Kxg2 O-O 14. Bb2 f5
15. Rc1 Qe8 16. f4 exf4 17. exf4 Qf7 18. Qf3 Bd4 19. Rfe1 Rae8 20. Re6 Nxd5 21.
Rxe8 Rxe8 22. Qxd5 Qxd5+ 23. Nxd5 Bxb2 24. Rxc7 Re2+ 25. Kh3 Rxd2 26. Ne7+ Kf8
27. Nxf5 b5 28. a4 bxa4 29. bxa4 Rd5 30. Ne3 Rd4 31. Nc4 d5 32. Nxb2 1-0

[Event "Madrid ch veteranos 2008-2009"]
[Site "Madrid ESP"]
[Date "2009.02.19"]
[Round "9.8"]
[White "Garcia Esteban, Ignacio"]
[Black "Gonzalo Gonzalez, Francisco"]
[Result "1-0"]
[WhiteElo "2072"]
[BlackElo "1853"]
[PlyCount "99"]
[EventDate "2009.02.09"]
[EventType "swiss"]
[EventRounds "9"]
[EventCountry "ESP"]
[Source "lmi"]
[SourceDate "2009.02.09"]

1. e4 c5 2. Nf3 Nc6 3. Bb5 d6 4. O-O Bd7 5. c3 Qb6 6. Ba4 O-O-O 7. d3 g6 8. Bb3
Nh6 9. Nbd2 f5 10. Nc4 Qc7 11. Ne3 e6 12. exf5 gxf5 13. Bd2 Ng4 14. Nxg4 fxg4
15. Ng5 Ne5 16. d4 c4 17. dxe5 cxb3 18. Nf7 Rg8 19. Nxd8 Kxd8 20. axb3 a6 21.
Be3 dxe5 22. Qd3 Rg6 23. Rfd1 Kc8 24. Bb6 Qc6 25. Ra4 Qd5 26. Qc2 Qb5 27. Rc4+
Kb8 28. Be3 Be7 29. Ra4 Rg7 30. c4 Qc6 31. Ra5 Bb4 32. Rxe5 Bd6 33. Rg5 Rf7 34.
Rg8+ Bc8 35. c5 Bc7 36. Qc4 h5 37. Rh8 Rf5 38. Rh6 Be5 39. Rh7 Bc7 40. b4 b5
41. Qf1 Bb7 42. Rdd7 Bxh2+ 43. Kxh2 Bc8 44. Rd6 Qe4 45. Qd3 Qe5+ 46. g3 Qxb2
47. Rb6+ Ka8 48. Rxa6+ Bxa6 49. Qd8+ Bc8 50. Qxc8# 1-0

[Event "Madrid ch veteranos 2008-2009"]
[Site "Madrid ESP"]
[Date "2009.02.19"]
[Round "9.9"]
[White "Leniz Martinez, Francisco"]
[Black "Fernandez Garcia, Ignacio"]
[Result "1-0"]
[WhiteElo "1847"]
[BlackElo "1973"]
[PlyCount "73"]
[EventDate "2009.02.09"]
[EventType "swiss"]
[EventRounds "9"]
[EventCountry "ESP"]
[Source "lmi"]
[SourceDate "2009.02.09"]

1. Nf3 d5 2. d4 Nf6 3. c4 g6 4. g3 Bg7 5. Bg2 O-O 6. O-O dxc4 7. Ne5 c6 8. Nxc4
Na6 9. Nc3 Nc7 10. h3 Be6 11. Ne5 Qc8 12. Kh2 Rd8 13. e3 c5 14. Nf3 b5 15. a3
a5 16. Bd2 Rb8 17. Ne5 Ncd5 18. Nxd5 Bxd5 19. Bxa5 Bxg2 20. Kxg2 Rd6 21. Qf3
cxd4 22. exd4 Qe8 23. Bc7 Rc8 24. Bxd6 exd6 25. Nd3 Rc4 26. Rfe1 Qd7 27. Rac1
h5 28. Rxc4 bxc4 29. Nb4 d5 30. Re5 Qb7 31. Nxd5 Nxd5 32. Qxd5 Qxb2 33. Re8+
Kh7 34. Qxc4 Bxd4 35. Qxf7+ Kh6 36. Qf4+ Kh7 37. Re7+ 1-0

[Event "Madrid ch veteranos 2008-2009"]
[Site "Madrid ESP"]
[Date "2009.02.19"]
[Round "9.10"]
[White "Diaz Begonte, Manuel"]
[Black "Pardo Robles, Jose Manuel"]
[Result "1-0"]
[WhiteElo "1761"]
[BlackElo "1946"]
[PlyCount "35"]
[EventDate "2009.02.09"]
[EventType "swiss"]
[EventRounds "9"]
[EventCountry "ESP"]
[Source "lmi"]
[SourceDate "2009.02.09"]

1. e4 e6 2. d4 d5 3. exd5 exd5 4. Nf3 Bd6 5. c4 c6 6. c5 Qe7+ 7. Be3 Bc7 8. Bd3
h6 9. O-O Nf6 10. Re1 Be6 11. Nc3 O-O 12. b4 a6 13. Qd2 Ng4 14. Bf4 Bxf4 15.
Qxf4 Qf6 16. Qg3 Qe7 17. Qxg4 Nd7 18. Qf4 1-0

[Event "Madrid ch veteranos 2008-2009"]
[Site "Madrid ESP"]
[Date "2009.02.19"]
[Round "9.12"]
[White "Alvarez Escudero, Manuel"]
[Black "Martinez Miura, Enrique"]
[Result "1-0"]
[WhiteElo "1935"]
[BlackElo "1735"]
[PlyCount "31"]
[EventDate "2009.02.09"]
[EventType "swiss"]
[EventRounds "9"]
[EventCountry "ESP"]
[Source "lmi"]
[SourceDate "2009.02.09"]

1. e4 e6 2. d4 d5 3. exd5 exd5 4. Nf3 Bd6 5. Bd3 h6 6. Nc3 c6 7. O-O Ne7 8. Ne5
O-O 9. Qh5 Bxe5 10. dxe5 g6 11. Qxh6 Bf5 12. Bg5 f6 13. exf6 Rf7 14. fxe7 Qc8
15. Bxf5 gxf5 16. Qg6+ 1-0

[Event "Madrid ch veteranos 2008-2009"]
[Site "Madrid ESP"]
[Date "2009.02.19"]
[Round "9.14"]
[White "Corredor Gonzalez, Angel L"]
[Black "Vicario Ramirez, Celestino"]
[Result "1-0"]
[WhiteElo "1800"]
[BlackElo "1607"]
[PlyCount "30"]
[EventDate "2009.02.09"]
[EventType "swiss"]
[EventRounds "9"]
[EventCountry "ESP"]
[Source "lmi"]
[SourceDate "2009.02.09"]

1. e4 g6 2. d4 Bg7 3. f4 d6 4. Nf3 a6 5. Bc4 e6 6. Nc3 b6 7. O-O Bb7 8. f5 gxf5
9. exf5 d5 10. fxe6 dxc4 11. exf7+ Kf8 12. fxg8=Q+ Kxg8 13. Bg5 Qd7 14. Ne5
Bxe5 15. dxe5 Nc6 1-0

[Event "Madrid ch veteranos 2008-2009"]
[Site "Madrid ESP"]
[Date "2009.02.19"]
[Round "9.16"]
[White "Garcia Lopez, Pedro"]
[Black "Gonzalez Cespedes, Manuel"]
[Result "1-0"]
[WhiteElo "1854"]
[BlackElo "1836"]
[PlyCount "73"]
[EventDate "2009.02.09"]
[EventType "swiss"]
[EventRounds "9"]
[EventCountry "ESP"]
[Source "lmi"]
[SourceDate "2009.02.09"]

1. d4 Nf6 2. c4 g6 3. Nc3 Bg7 4. e4 d6 5. h3 O-O 6. Nf3 e5 7. d5 Nbd7 8. Be2
Nc5 9. Qc2 a5 10. O-O h6 11. Be3 Nfd7 12. a3 a4 13. Nh2 f5 14. exf5 gxf5 15.
Nf3 f4 16. Bxc5 Nxc5 17. Bd3 Nxd3 18. Qxd3 Bf5 19. Ne4 Kh8 20. Kh2 Qe8 21. Nh4
Bh7 22. Rae1 Qh5 23. Nf3 Rg8 24. g4 fxg3+ 25. fxg3 Bf5 26. Nh4 Bh7 27. Qe3 Rgf8
28. c5 Bxe4 29. Qxe4 Rf6 30. Rxf6 Bxf6 31. Ng2 Kg7 32. Ne3 Qg6 33. Nf5+ Kh7 34.
cxd6 cxd6 35. Nxd6 Qxe4 36. Nxe4 Kg7 37. d6 1-0